[Event "Wilhelm Steinitz "]
[Site "SchemingMind.com"]
[Date "2007.11.29"]
[Round "-"]
[White "joralx3"]
[Black "Konan_Kaddosh"]
[Result "0-1"]
[WhiteCountry "ARG"]
[BlackCountry "ITA"]
[WhiteElo "2427"]
[WhiteRD "88"]
[BlackElo "2496"]
[BlackRD "65"]
[GameID "130977"]

1. e4 c5 2. Nf3 Nc6 3. d4 cxd4 4. Nxd4 e5 5. Nxc6 bxc6 6. Bc4 Nf6 7. O-O Bc5 8. Nc3 O-O 9. Bg5 h6 10. Bh4 Bd4
11. Na4 a5 12. c3 Ba7 13. Qd3 g5 14. Bg3 d5 15. exd5 e4 16. Qc2 cxd5 17. Be2 Bd7 18. Kh1 Qc8 19. Qd1 Re8 20. Rc1 Qc6
21. b3 Qe6 22. Qe1 Kg7 23. Nb2 Rac8 24. Rb1 Qe7 25. c4 d4 26. Qxa5 Ra8 27. Qd2 Bf5 28. Ra1 d3 29. Bd1 Bd4 30. Qc1 Qb4
31. a3 d2 32. axb4 dxc1=Q 33. Rxc1 Bxb2 34. Rc2 Bd4 35. Re2 Ra1 36. b5 Bc5 37. Rg1 Nh5 38. Bc7 Nf4 39. Bxf4 gxf4 40. Bc2 Rea8
41. Ree1 Rxe1 42. Rxe1 Bxf2 43. Rd1 Re8
0-1

[Event "Wilhelm Steinitz "]
[Site "SchemingMind.com"]
[Date "2007.11.29"]
[Round "-"]
[White "Konan_Kaddosh"]
[Black "joralx3"]
[Result "1-0"]
[WhiteCountry "ITA"]
[BlackCountry "ARG"]
[WhiteElo "2555"]
[WhiteRD "61"]
[BlackElo "2437"]
[BlackRD "80"]
[GameID "130978"]

1. e4 c5 2. Nf3 d6 3. d4 cxd4 4. Nxd4 Nf6 5. Nc3 a6 6. Be3 e6 7. Be2 Be7 8. O-O O-O 9. f4 Qc7 10. Qe1 Nc6
11. Qg3 d5 12. Nxc6 Qxc6 13. e5 Ne4 14. Nxe4 dxe4 15. c4 b6 16. Qf2 Rb8 17. Rfd1 Bd7 18. Rac1 Rfd8 19. a3 a5 20. Rb1 Qc7
21. b4 Bc6 22. Rxd8+ Qxd8 23. b5 Ba8 24. Ra1 Bh4 25. g3 Be7 26. Bd4 a4 27. Qe3 Qf8 28. Kg2 Qd8 29. Rc1 h6 30. h4 Kh7
31. Kh3 Bxa3 32. Ra1 Bc5 33. Bxc5 bxc5 34. Rxa4 Qd4 35. Ra3 Bb7 36. Kg2 f6 37. Qxd4 cxd4 38. exf6 gxf6 39. Bh5 Kg8 40. Kf1 Kf8
41. Ra7 e5 42. c5 Bd5 43. b6 e3 44. Rd7 Be6 45. Rd6 Ke7 46. Bf3 Rg8 47. g4 e4 48. Rxe6+ Kxe6 49. Bxe4 h5 50. gxh5 f5
51. Bc2 Rc8 52. Bb3+ Ke7 53. Bc4 Rb8 54. Ke2 Kd7 55. Bb5+ Kc8 56. Bc6 Kd8 57. h6
1-0

[Event "Wilhelm Steinitz "]
[Site "SchemingMind.com"]
[Date "2007.11.29"]
[Round "-"]
[White "Chess_Man01"]
[Black "Konan_Kaddosh"]
[Result "1/2-1/2"]
[WhiteCountry "GBR"]
[BlackCountry "ITA"]
[WhiteElo "2283"]
[WhiteRD "55"]
[BlackElo "2525"]
[BlackRD "62"]
[GameID "130987"]

1. e4 c5 2. Nf3 Nc6 3. d4 cxd4 4. Nxd4 e5 5. Nb5 d6 6. N1c3 a6 7. Na3 b5 8. Nd5 Nf6 9. c4 b4 10. Nc2 Nxe4
11. Qf3 Nc5 12. Ndxb4 Nxb4 13. Nxb4 Bb7 14. Nd5 Be7 15. b4 Ne6 16. Bd3 Nd4 17. Qg4 Bxd5 18. cxd5 Qc7 19. Bd2 O-O 20. O-O f5
21. Qh3 e4 22. Rac1 Qb7 23. Bc4= Bf6 24. Rfd1 Rac8 25. Kh1 Rc7 26. Bf1 Rfc8 27. Qa3 Nb5 28. Rxc7 Rxc7 29. Qb3 h6 30. a4=
1/2-1/2

[Event "Wilhelm Steinitz "]
[Site "SchemingMind.com"]
[Date "2007.12.04"]
[Round "-"]
[White "Chess_Man01"]
[Black "joralx3"]
[Result "0-1"]
[WhiteCountry "GBR"]
[BlackCountry "ARG"]
[WhiteElo "2284"]
[WhiteRD "60"]
[BlackElo "2437"]
[BlackRD "80"]
[GameID "130988"]

1. Nf3 Nf6 2. c4 g6 3. Nc3 Bg7 4. d4 O-O 5. e4 d6 6. Be2 e5 7. d5 a5 8. O-O Na6 9. Be3 Qe7 10. Nd2 Bd7
11. a3 Rfc8 12. Rb1 Nc5 13. b4 axb4 14. axb4 Na4 15. Nxa4= Bxa4 16. Qc1 c6 17. dxc6 Bxc6 18. f3 Bd7 19. Qb2 Nh5 20. Rfe1 Nf4
21. Bf1 Bf6 22. c5 Be6 23. Ra1= Rxa1 24. Rxa1 Bg5 25. Bf2 dxc5 26. bxc5 Rd8 27. Nc4 Bxc4 28. Bxc4 Rd2 29. Qb5 Bh4 30. Be3 Rxg2+
31. Kh1 Bg3 32. Ra2 Rxh2+
0-1

[Event "Wilhelm Steinitz "]
[Site "SchemingMind.com"]
[Date "2007.11.29"]
[Round "-"]
[White "Konan_Kaddosh"]
[Black "Chess_Man01"]
[Result "1-0"]
[WhiteCountry "ITA"]
[BlackCountry "GBR"]
[WhiteElo "2492"]
[WhiteRD "59"]
[BlackElo "2289"]
[BlackRD "59"]
[GameID "130989"]

1. e4 e6 2. d4 d5 3. Nc3 Bb4 4. e5 c5 5. a3 cxd4 6. axb4 dxc3 7. Qg4 Qe7 8. bxc3 f6 9. Nf3 Nc6 10. Bb5 Bd7
11. Bxc6 Bxc6 12. O-O a6 13. Re1 Rc8 14. Qg3 Qf7 15. Nd4 Qg6= 16. Qe3 Bd7 17. b5 axb5 18. Ra7 Ne7 19. Ba3 Nf5 20. Nxf5 Qxf5
21. Qb6 fxe5 22. Rxb7 Rd8 23. Bb4 e4 24. Ra1
1-0

[Event "Wilhelm Steinitz "]
[Site "SchemingMind.com"]
[Date "2007.12.04"]
[Round "-"]
[White "joralx3"]
[Black "Chess_Man01"]
[Result "1-0"]
[WhiteCountry "ARG"]
[BlackCountry "GBR"]
[WhiteElo "2437"]
[WhiteRD "80"]
[BlackElo "2284"]
[BlackRD "60"]
[GameID "130990"]

1. e4 e6 2. d4 d5 3. Nd2 Nf6 4. e5 Nfd7 5. Bd3 c5 6. c3 Nc6 7. Ne2 cxd4 8. cxd4 f6 9. exf6 Nxf6 10. O-O Bd6
11. Nf3 O-O 12. Bf4 Bxf4 13. Nxf4 Qc7 14. g3 Qb6 15. Re1 Qxb2 16. a4 Rb8= 17. Rb1 Qa3= 18. Ne5 Qd6 19. Re3 b6 20. Rc1 Na5
21. Nh5 Rb7 22. Qc2 Qe7 23. g4 Nc4= 24. Rh3 Nxe5 25. Nxf6+ gxf6 26. Bxh7+ Qxh7 27. Rxh7 Rxh7 28. dxe5 fxe5 29. Qc3 Rg7 30. h3 e4
31. Qe5 Rgf7 32. Rc7
1-0

[Event "Wilhelm Steinitz "]
[Site "SchemingMind.com"]
[Date "2007.12.01"]
[Round "-"]
[White "Goran"]
[Black "Konan_Kaddosh"]
[Result "1/2-1/2"]
[WhiteCountry "ITA"]
[BlackCountry "ITA"]
[WhiteElo "2351"]
[WhiteRD "75"]
[BlackElo "2444"]
[BlackRD "56"]
[GameID "131294"]

1. d4 Nf6 2. c4 e6 3. Nc3 Bb4 4. Qc2 O-O 5. e4 d5 6. e5 Ne4 7. a3 Bxc3+ 8. bxc3 c5 9. Bd3 cxd4 10. cxd4 Nc6
11. Ne2 Qa5+ 12. Kf1 Nb4=
1/2-1/2

[Event "Wilhelm Steinitz "]
[Site "SchemingMind.com"]
[Date "2007.12.01"]
[Round "-"]
[White "Goran"]
[Black "Chess_Man01"]
[Result "1-0"]
[WhiteCountry "ITA"]
[BlackCountry "GBR"]
[WhiteElo "2503"]
[WhiteRD "69"]
[BlackElo "2263"]
[BlackRD "56"]
[GameID "131295"]

1. d4 Nf6 2. c4 e6 3. Nf3 b6 4. g3 Bb7 5. Nc3 Be7 6. Bg2 O-O 7. O-O Na6 8. Bf4 d6 9. Re1 c5 10. d5 Nc7
11. e4 Nh5 12. Bd2 Nf6 13. dxe6 fxe6 14. e5 dxe5 15. Nxe5 Bxg2 16. Kxg2 Qe8 17. Qe2 Rd8 18. Rad1 a6 19. Ne4 Nxe4 20. Qxe4 Bf6
21. Bf4 b5= 22. b3 bxc4 23. Rxd8 Qxd8 24. bxc4 Re8 25. Rb1 Qd4 26. Qe2 Qd8 27. Qf3 Rf8 28. Qc6 Bxe5 29. Bxe5
1-0

[Event "Wilhelm Steinitz "]
[Site "SchemingMind.com"]
[Date "2007.12.06"]
[Round "-"]
[White "Goran"]
[Black "joralx3"]
[Result "1-0"]
[WhiteCountry "ITA"]
[BlackCountry "ARG"]
[WhiteElo "2510"]
[WhiteRD "73"]
[BlackElo "2414"]
[BlackRD "80"]
[GameID "131296"]

1. d4 Nf6 2. c4 g6 3. Nc3 Bg7 4. e4 d6 5. Nf3 O-O 6. Be2 e5 7. Be3 Ng4 8. Bg5 f6 9. Bh4 Nc6 10. d5 Ne7
11. Nd2 f5 12. exf5 gxf5 13. O-O Kh8 14. Bxg4 fxg4 15. f3 Qd7 16. Bxe7 Qxe7 17. fxg4 Rxf1+ 18. Nxf1 Bd7 19. Ne4 Bh6 20. h3 Rf8
21. Qd3 Bf4 22. Nfg3 Bxg3 23. Qxg3 Qf7 24. Re1 b6 25. b4 Qe7 26. c5 Be8 27. g5 bxc5 28. bxc5 Bg6 29. Nf6 a6 30. c6 Qd8
31. h4 h5 32. Re3 Qa8 33. Kh2 a5 34. Rb3 Rb8 35. Qh3 a4 36. Rxb8+ Qxb8 37. Qd7 e4 38. Kg3 e3 39. Qe7 a3 40. Qxe3 Qb2
41. Qe7 Qc3+ 42. Kh2 Qe5+ 43. Qxe5 dxe5 44. d6 cxd6 45. c7
1-0

[Event "Wilhelm Steinitz "]
[Site "SchemingMind.com"]
[Date "2007.12.01"]
[Round "-"]
[White "Konan_Kaddosh"]
[Black "Goran"]
[Result "1/2-1/2"]
[WhiteCountry "ITA"]
[BlackCountry "ITA"]
[WhiteElo "2492"]
[WhiteRD "59"]
[BlackElo "2440"]
[BlackRD "71"]
[GameID "131297"]

1. e4 e5 2. Nf3 Nf6 3. Nxe5 d6 4. Nf3 Nxe4 5. Qe2 Qe7 6. d3 Nf6 7. Bg5 Qxe2+ 8. Bxe2 Be7 9. Nc3 c6 10. O-O Na6
11. Rfe1 Nc7 12. Bf1 Bg4 13. Bd2 Ne6 14. Be2 O-O 15. h3 Bxf3 16. Bxf3 Rfe8 17. Ne2 Nd7 18. Bg4 g6 19. f4 Bf6 20. Rab1 Re7
21. g3 Rae8 22. Kf1 h5 23. Bf3 a6 24. a4 Ng7 25. Nc3 d5 26. Rxe7 Bxe7 27. g4 hxg4 28. hxg4 Bb4 29. Bc1=
1/2-1/2

[Event "Wilhelm Steinitz "]
[Site "SchemingMind.com"]
[Date "2007.12.01"]
[Round "-"]
[White "Chess_Man01"]
[Black "Goran"]
[Result "0-1"]
[WhiteCountry "GBR"]
[BlackCountry "ITA"]
[WhiteElo "2263"]
[WhiteRD "56"]
[BlackElo "2503"]
[BlackRD "69"]
[GameID "131298"]

1. d4 Nf6 2. c4 e6 3. Nf3 b6 4. g3 Bb7 5. Bg2 Be7 6. Nc3 O-O 7. O-O Ne4 8. Qd3 Nxc3 9. Qxc3 f5 10. h3 Bf6
11. Bf4 d6 12. Rfd1 Qe8 13. b4 a5 14. b5 Nd7 15. Rac1 e5 16. Nxe5 dxe5 17. Bxb7 exf4 18. Bd5+ Kh8 19. Bxa8= Qxa8 20. gxf4 Bh4
21. Qd3= Nf6 22. Rc2= Ne4 23. Rf1 Qe8 24. Qf3 g5 25. e3 Qg6 26. Kh1 g4 27. hxg4 fxg4 28. Qg2 Ng5
0-1

[Event "Wilhelm Steinitz "]
[Site "SchemingMind.com"]
[Date "2007.12.02"]
[Round "-"]
[White "Aumonde"]
[Black "Goran"]
[Result "1/2-1/2"]
[WhiteCountry "USA"]
[BlackCountry "ITA"]
[WhiteElo "2207"]
[WhiteRD "65"]
[BlackElo "2440"]
[BlackRD "71"]
[GameID "131302"]

1. e4 e5 2. Nf3 Nc6 3. Bb5 a6 4. Ba4 Nf6 5. O-O Be7 6. d3 b5 7. Bb3 Bb7 8. Nc3 O-O 9. Nd5 Na5 10. Nxe7+ Qxe7
11. Re1 c5 12. Bd5 Nc6 13. Bg5 h6 14. Bh4 Qd6 15. c4 Rfe8 16. Rc1 Nxd5 17. cxd5 Nd4 18. Nxd4 cxd4 19. Qg4 Rac8 20. Bg3 Rxc1
21. Rxc1 Rc8 22. Rf1 Rc2 23. f4 Bxd5 24. exd5 Qxd5 25. Bf2 exf4 26. b4 Rxa2 27. Qxf4 Rb2 28. Qc1 Rb3 29. Qc2 Rxb4 30. Qc8+ Kh7
31. Qxa6 Ra4 32. Qc8 Ra2 33. Qc1 b4 34. Qf4 b3 35. Qxd4 Qb5 36. Qe4+ f5 37. Qc4 Qxc4 38. dxc4 Rc2 39. Bd4 b2 40. Bxb2 Rxb2
41. Rxf5=
1/2-1/2

[Event "Wilhelm Steinitz "]
[Site "SchemingMind.com"]
[Date "2007.12.02"]
[Round "-"]
[White "Aumonde"]
[Black "Konan_Kaddosh"]
[Result "0-1"]
[WhiteCountry "USA"]
[BlackCountry "ITA"]
[WhiteElo "2201"]
[WhiteRD "62"]
[BlackElo "2480"]
[BlackRD "58"]
[GameID "131303"]

1. e4 c5 2. Nf3 Nc6 3. Bb5 d6 4. d4 cxd4 5. Nxd4 Bd7 6. Nc3 g6 7. Nxc6 bxc6 8. Bc4 Nf6 9. O-O Bg7 10. f3 Qb6+
11. Kh1 h5 12. Qd3 h4 13. Rb1 h3 14. g4 Qc7 15. Be3 Bc8 16. Bd4 Bb7 17. g5 Nh5 18. f4 e6 19. Bxg7 Nxg7 20. Rbe1 Kf8
21. Re3 d5 22. Rxh3 Rh5 23. Rxh5 Nxh5 24. exd5 cxd5 25. Ba6 Bxa6 26. Qxa6 Rb8 27. Ne2 Kg8 28. b3 Qxc2 29. Qxa7 Rb4 30. Rf2 d4
31. Qa8+ Kg7 32. f5 exf5 33. Qg2 d3 34. Nd4 Qc1+ 35. Rf1 d2
0-1

[Event "Wilhelm Steinitz "]
[Site "SchemingMind.com"]
[Date "2007.12.02"]
[Round "-"]
[White "Aumonde"]
[Black "Chess_Man01"]
[Result "0-1"]
[WhiteCountry "USA"]
[BlackCountry "GBR"]
[WhiteElo "2158"]
[WhiteRD "73"]
[BlackElo "2303"]
[BlackRD "65"]
[GameID "131304"]

1. d4 Nf6 2. Nf3 b6 3. Nc3 Bb7 4. Bg5 d6 5. d5 c6 6. e4 a6 7. Bd3 cxd5 8. Bxf6 dxe4 9. Bxe4 Bxe4 10. Nxe4 gxf6
11. Qd5 Nd7 12. O-O-O Rc8 13. Rhe1 Bh6+ 14. Kb1 Ne5 15. Nd4 Qd7 16. g3 O-O 17. f4 Ng6 18. h4 Rfe8 19. h5 Nf8 20. Nf5 Bg7
21. h6 Bh8 22. Ne3 f5 23. Qxf5 Qxf5 24. Nxf5 Ng6= 25. Ne3 b5 26. Rd5 Kf8 27. Red1 Rc7 28. R5d2 Rd7 29. Re2 Ra7 30. Nd5 Rd8
31. Nb4 Rc8= 32. Ree1 Rac7 33. c3 Ra7 34. Nd5 a5 35. f5 Ne5 36. f6 Bxf6 37. Ndxf6 exf6 38. Nxf6 Ke7 39. Rf1 Rh8 40. Rd5 b4
41. cxb4 axb4 42. Rb5 Nd7 43. Nd5+ Ke6 44. Nxb4 Ne5 45. Nd5 f5 46. Nf4+ Kd7 47. Ne2 Re8 48. Rxf5 Re6 49. Nc3 Kc6 50. Rh5 Rg6
51. Rh3 Ng4 52. Rb4 Rxh6 53. Rc4+ Kb6 54. Nd5+ Ka5 55. Rxh6 Nxh6
0-1

[Event "Wilhelm Steinitz "]
[Site "SchemingMind.com"]
[Date "2007.12.06"]
[Round "-"]
[White "Aumonde"]
[Black "joralx3"]
[Result "1/2-1/2"]
[WhiteCountry "USA"]
[BlackCountry "ARG"]
[WhiteElo "2219"]
[WhiteRD "65"]
[BlackElo "2377"]
[BlackRD "99"]
[GameID "131305"]

1. c4 Nf6 2. Nc3 g6 3. d4 Bg7 4. e4 d6 5. Nf3 O-O 6. Be2 e5 7. dxe5 dxe5 8. Qxd8 Rxd8 9. Bg5 Re8 10. Nd5 Nxd5
11. cxd5 c6 12. Rd1 cxd5 13. exd5 e4 14. Nd2 Bxb2 15. O-O Bg7 16. Nc4 Bf8 17. Rc1 b6 18. Ne3 Ba6 19. Ng4 Bg7 20. Bxa6 Nxa6
21. d6 Nc5 22. Rfd1 h5 23. Nf6+ Bxf6 24. Bxf6 Re6 25. Be7 Kg7 26. Kf1 Re8 27. Bg5 f6 28. Be3 Re5 29. Bd4 Rf5 30. Rc4 Kf7
31. Bxc5 Rxc5 32. Ra4 Ra5 33. Rxa5 bxa5 34. Rd5= Re5 35. Rd4 Ke8 36. d7+ Kd8=
1/2-1/2

[Event "Wilhelm Steinitz "]
[Site "SchemingMind.com"]
[Date "2007.12.02"]
[Round "-"]
[White "Goran"]
[Black "Aumonde"]
[Result "1-0"]
[WhiteCountry "ITA"]
[BlackCountry "USA"]
[WhiteElo "2472"]
[WhiteRD "71"]
[BlackElo "2219"]
[BlackRD "65"]
[GameID "131306"]

1. d4 d5 2. c4 e6 3. Nf3 Be7 4. g3 dxc4 5. Bg2 Nf6 6. Qa4+ Bd7 7. Qxc4 Bc6 8. Nc3 Nbd7 9. O-O O-O 10. Qd3 Rc8
11. a3 Nd5 12. Nxd5 exd5 13. Bd2 Re8 14. Ne5 Nxe5 15. dxe5 Qd7 16. Bc3 Rcd8 17. Rfd1 Bc5 18. e3 Ba4 19. Rd2 c6 20. Bd4 Bb5
21. Qc3 Bb6 22. f4 Qc7 23. a4 Bc4 24. a5 Bxd4 25. Rxd4 Qe7 26. e4 f6 27. exf6 Qxf6 28. Rc1 Qe6 29. b3 Bb5 30. Rcd1 Qf6
31. exd5 cxd5 32. Qc5 Be2 33. Bxd5+ Kh8 34. R1d2 Qf5 35. Qc2 Qf6 36. Qb2 Bb5 37. Bc4 Rxd4 38. Qxd4 Bxc4 39. Qxf6 gxf6 40. bxc4 Re7
41. Rd5 Kg7 42. Kf2 Kg6 43. c5 a6 44. f5+ Kf7 45. Kf3 h5 46. Kf4 Rc7 47. Ke4 Kg7 48. Kd4 Kh6 49. h4 Kh7 50. Rd6 Kg7
51. Kd5 Kf7 52. c6 bxc6+ 53. Rxc6 Rb7 54. Rxa6 Rb5+ 55. Kc6 Rxf5 56. Ra7+ Ke6 57. a6 Ra5 58. Kb6 Ra3 59. Rb7
1-0

[Event "Wilhelm Steinitz "]
[Site "SchemingMind.com"]
[Date "2007.12.02"]
[Round "-"]
[White "Konan_Kaddosh"]
[Black "Aumonde"]
[Result "1/2-1/2"]
[WhiteCountry "ITA"]
[BlackCountry "USA"]
[WhiteElo "2480"]
[WhiteRD "58"]
[BlackElo "2201"]
[BlackRD "62"]
[GameID "131307"]

1. e4 c6 2. d4 d5 3. Nc3 dxe4 4. Nxe4 Nd7 5. Bc4 Ngf6 6. Nxf6+ Nxf6 7. Nf3 Bf5 8. Qe2 e6 9. Bg5 Qa5+ 10. c3 Bg4
11. Qe5 Nd5 12. Bd2 Bxf3 13. gxf3 O-O-O 14. Rg1 Bd6 15. Qxg7 Bxh2 16. Rg2 Qc7 17. Bxd5 cxd5 18. Qh6 Bd6 19. O-O-O Qc4 20. a3 Rd7
21. Qg7 Rhd8 22. Qxh7 Qe2 23. Qh3 Qd3 24. Bg5 Qe2 25. Qh1 Rg8 26. Bd2 Rdd8 27. f4 Rh8 28. Rh2 Rxh2 29. Qxh2 Qf3 30. Rg1 Rf8
31. Qh1 Qxf2= 32. Rf1 Qe2 33. f5 Rg8 34. fxe6 Rg2 35. Rd1 fxe6 36. Qf1 Qg4 37. Re1 Be7 38. Qf7 Kd7 39. Bh6 Rg1 40. Rxg1 Qxg1+
41. Kc2 Qh2+ 42. Bd2=
1/2-1/2

[Event "Wilhelm Steinitz "]
[Site "SchemingMind.com"]
[Date "2007.12.02"]
[Round "-"]
[White "Chess_Man01"]
[Black "Aumonde"]
[Result "1/2-1/2"]
[WhiteCountry "GBR"]
[BlackCountry "USA"]
[WhiteElo "2283"]
[WhiteRD "55"]
[BlackElo "2213"]
[BlackRD "71"]
[GameID "131308"]

1. e4 e5 2. Nf3 Nf6 3. Nxe5 d6 4. Nf3 Nxe4 5. d4 d5 6. Bd3 Be7 7. Nbd2 f5 8. O-O Nc6 9. Re1 O-O 10. c3 Be6
11. Qb3 Na5 12. Qc2 Nc6 13. Nf1 Bd6 14. Ng3 Re8 15. a4 Qf6 16. Nh5 Qd8 17. Nf4 Bf7 18. Nh3 h6 19. b4 g5 20. b5 Na5
21. Ne5 Bxe5 22. dxe5 Rxe5 23. f3 Nb3 24. Qxb3 Nc5 25. Bxg5 hxg5 26. Qc2 Qf6 27. Rxe5 Qxe5 28. Bxf5 d4 29. Bh7+ Kg7 30. Qf2 d3
31. Re1= Qxc3 32. Nxg5 Re8 33. Be4 Bh5 34. g4 Bg6 35. h4 Nxa4 36. Rd1 Nc5 37. h5 Re5 38. hxg6 Rxg5 39. Qh4 Nxe4 40. Qh7+=
1/2-1/2

[Event "Wilhelm Steinitz "]
[Site "SchemingMind.com"]
[Date "2007.12.06"]
[Round "-"]
[White "joralx3"]
[Black "Aumonde"]
[Result "1-0"]
[WhiteCountry "ARG"]
[BlackCountry "USA"]
[WhiteElo "2427"]
[WhiteRD "88"]
[BlackElo "2226"]
[BlackRD "71"]
[GameID "131309"]

1. e4 c6 2. d4 d5 3. Nc3 dxe4 4. Nxe4 Nf6 5. Nxf6+ exf6 6. Bc4 b5 7. Bb3 Be7 8. Nf3 c5 9. Qe2 O-O 10. Qe4 Nc6
11. Qxc6 Bd7 12. Qd5 c4 13. Bxc4 bxc4 14. Qxc4 Rc8 15. Qd3 Qa5+ 16. Bd2 Qd5 17. O-O Bb5 18. Qb3 Bc4 19. Qa4 Bxf1 20. Rxf1 Rc4
21. Qb3 Bd6 22. Re1 Qc6 23. Qd3 Rc8 24. c3 Qa6 25. b3 Ra4 26. Qxa6 Rxa6 27. c4 Rxa2 28. c5 Bf8 29. g4 Rb2 30. b4 Rd8
31. Rc1 Be7 32. Ra1 Rd7 33. Kf1 Kf8 34. Ra3 Ke8= 35. Ke2 Rb1 36. Kd3 Bd8= 37. Kc4 Re7 38. d5 Re2 39. Be3 Reb2 40. Ra4 Rc2+
41. Kb5 a5 42. Nd4 Rcb2 43. Nc6 f5 44. gxf5 Rd1 45. d6 Rbb1 46. Nxa5 Bf6 47. Nc4
1-0

[Event "Wilhelm Steinitz "]
[Site "SchemingMind.com"]
[Date "2007.12.02"]
[Round "-"]
[White "Space"]
[Black "Aumonde"]
[Result "1-0"]
[WhiteCountry "SWE"]
[BlackCountry "USA"]
[WhiteElo "2238"]
[WhiteRD "78"]
[BlackElo "2213"]
[BlackRD "71"]
[GameID "131398"]

1. e4 d6 2. d4 Nf6 3. Nc3 g6 4. f4 Bg7 5. Nf3 O-O 6. Bd3 Nc6 7. e5 Nh5 8. Be3 Bh6 9. Qd2 Nb4 10. Bc4 Bf5
11. Bb3 c5 12. a3 dxe5 13. fxe5 Nxc2+ 14. Bxc2 Bxe3 15. Qxe3 Bxc2 16. O-O c4 17. Rf2 Bd3 18. d5 Qb6 19. Qxb6 axb6 20. Ne1 Bf5
21. Rd1 Rac8 22. Rd4 Ng7 23. g4 Bd7 24. Nc2 b5 25. h3 f5 26. e6 Be8 27. Ne3 fxg4 28. Rxf8+ Kxf8 29. Rf4+ Kg8 30. hxg4 h6
31. Kg2 g5 32. Rf1 b6 33. Nf5 Nxf5 34. gxf5 Rd8 35. f6 exf6 36. Rxf6 Kg7 37. Rf5 Bg6 38. e7 Ra8 39. Rf1 b4= 40. axb4 Rh8
41. d6 Be8 42. Nd5 Bc6 43. Kg3 b5 44. Ne3 c3 45. bxc3 Bd7 46. Ng4
1-0

[Event "Wilhelm Steinitz "]
[Site "SchemingMind.com"]
[Date "2007.12.02"]
[Round "-"]
[White "Space"]
[Black "Goran"]
[Result "1/2-1/2"]
[WhiteCountry "SWE"]
[BlackCountry "ITA"]
[WhiteElo "2246"]
[WhiteRD "81"]
[BlackElo "2472"]
[BlackRD "71"]
[GameID "131399"]

1. e4 e5 2. Nf3 Nc6 3. Bb5 a6 4. Ba4 Nf6 5. O-O Be7 6. Re1 b5 7. Bb3 O-O 8. c3 d6 9. h3 Nb8 10. d4 Nbd7
11. Nbd2 Bb7 12. Bc2 Re8 13. Nf1 Bf8 14. Ng3 g6 15. b3 a5 16. a4 b4 17. cxb4 axb4 18. Bb2 Bh6 19. dxe5 dxe5 20. Bd3 Qe7
21. Bb5 Bf4 22. Qc2 Rec8 23. Nf1 Qc5 24. Bc4 Ra5 25. Bc1 Nb6 26. Bxf4 exf4 27. N1d2=
1/2-1/2

[Event "Wilhelm Steinitz "]
[Site "SchemingMind.com"]
[Date "2007.12.02"]
[Round "-"]
[White "Space"]
[Black "Konan_Kaddosh"]
[Result "1/2-1/2"]
[WhiteCountry "SWE"]
[BlackCountry "ITA"]
[WhiteElo "2238"]
[WhiteRD "78"]
[BlackElo "2525"]
[BlackRD "62"]
[GameID "131400"]

1. e4 c5 2. Nf3 Nc6 3. d4 cxd4 4. Nxd4 e5 5. Nb5 d6 6. N1c3 a6 7. Na3 b5 8. Nd5 Nf6 9. Bg5 Be7 10. Bxf6 Bxf6
11. c3 O-O 12. Nc2 Bg5 13. a4 bxa4 14. Rxa4 a5 15. Bc4 Rb8 16. Ra2 Ne7 17. Nce3 Nxd5 18. Nxd5 Kh8 19. O-O f5 20. f3 Bd7
21. b3 a4 22. bxa4 Qa5 23. Kh1 Be6 24. Qd3 Qc5 25. Raa1 Rb2 26. Bb5 g6 27. Qc4 Qxc4 28. Bxc4 Rc8 29. Ba2 fxe4 30. fxe4 Rc5
31. Rfb1= Re2 32. Rb4 h5 33. h3 Bxd5=
1/2-1/2

[Event "Wilhelm Steinitz "]
[Site "SchemingMind.com"]
[Date "2007.12.01"]
[Round "-"]
[White "Space"]
[Black "Chess_Man01"]
[Result "1/2-1/2"]
[WhiteCountry "SWE"]
[BlackCountry "GBR"]
[WhiteElo "2246"]
[WhiteRD "81"]
[BlackElo "2288"]
[BlackRD "58"]
[GameID "131401"]

1. e4 e6 2. d4 d5 3. Nc3 Bb4 4. e5 c5 5. a3 cxd4 6. axb4 dxc3 7. Nf3 Qc7 8. Qd4 cxb2 9. Bxb2 Ne7 10. Bd3 Nf5
11. Qg4 O-O 12. O-O Nc6 13. b5 Na5 14. Ba3 Rd8 15. Qh5 g6 16. Qg5 Nc4= 17. Bb4 h6 18. Qf6 Rd7 19. Bxf5= exf5 20. e6 fxe6=
1/2-1/2

[Event "Wilhelm Steinitz "]
[Site "SchemingMind.com"]
[Date "2007.12.06"]
[Round "-"]
[White "Space"]
[Black "joralx3"]
[Result "1-0"]
[WhiteCountry "SWE"]
[BlackCountry "ARG"]
[WhiteElo "2267"]
[WhiteRD "85"]
[BlackElo "2414"]
[BlackRD "80"]
[GameID "131402"]

1. e4 c5 2. Nf3 d6 3. d4 cxd4 4. Nxd4 Nf6 5. Nc3 a6 6. Be3 e6 7. Be2 Be7 8. O-O O-O 9. f4 Nc6 10. a4 Qc7
11. Kh1 Bd7 12. Nb3 Nb4 13. a5 Rac8 14. Bb6 Qb8 15. Bf3 e5 16. Rf2 exf4 17. Qd2 Be6 18. Nd4 g5 19. Rg1 d5 20. exd5 Bd7
21. g3 Kh8 22. gxf4 g4 23. Bg2 Qd6 24. Nde2 Rc4 25. Bd4 Rxd4 26. Qxd4 Nxc2 27. Qe5 Nb4 28. Rd1 Re8 29. Ne4 Qxe5 30. fxe5 Nfxd5
31. N4c3 Bc5 32. Rxf7 Be6 33. Bxd5 Nxd5 34. Rxd5 Bxd5+ 35. Nxd5 Rxe5 36. Nf6 Re7 37. Rxe7 Bxe7 38. Nd5 Bd8 39. b4 Kg7 40. Nef4 Kf7
41. Kg2 Bh4 42. Ne3 Be7 43. Nfd5 Bf8 44. Nxg4 Ke6 45. Nge3 Kd7 46. Kf3 Kc6 47. h4 Kb5 48. Ng4 Kc4 49. Ke4 Kb5 50. h5 Ka4
51. Kf5 Kb5 52. Ngf6 h6 53. Kg6 Kc6 54. Kf7 Bd6 55. Kg7
1-0

[Event "Wilhelm Steinitz "]
[Site "SchemingMind.com"]
[Date "2007.12.02"]
[Round "-"]
[White "Aumonde"]
[Black "Space"]
[Result "1/2-1/2"]
[WhiteCountry "USA"]
[BlackCountry "SWE"]
[WhiteElo "2219"]
[WhiteRD "65"]
[BlackElo "2246"]
[BlackRD "81"]
[GameID "131403"]

1. Nf3 d5 2. g3 c6 3. Bg2 Nf6 4. O-O Bf5 5. Nh4 Bg4 6. d3 e5 7. h3 Be6 8. e4 Bc5 9. exd5 cxd5 10. Nf3 Qc7
11. d4 exd4 12. Nxd4 O-O 13. Be3 Ne4 14. c3 Bxd4 15. cxd4 Qd7 16. g4 Nc6 17. f3 Nd6 18. b3 f5= 19. Qd2 fxg4 20. hxg4 h5
21. Nc3 Bf7 22. gxh5 Bxh5 23. Rac1 Nf5 24. Bf2 Rf6 25. Ne2 Qf7 26. Rc3 Re8 27. a3 Qg6 28. a4 a5 29. Rd1 Qh7 30. Qd3 Bg6
31. Qd2 Nh4 32. Bg3 Bf7 33. Nf4 Nf5 34. Bf2 Nh4 35. Bg3 Nf5 36. Bf2 Nh4 37. Bg3 Nf5
1/2-1/2

[Event "Wilhelm Steinitz "]
[Site "SchemingMind.com"]
[Date "2007.12.02"]
[Round "-"]
[White "Goran"]
[Black "Space"]
[Result "1-0"]
[WhiteCountry "ITA"]
[BlackCountry "SWE"]
[WhiteElo "2503"]
[WhiteRD "69"]
[BlackElo "2241"]
[BlackRD "84"]
[GameID "131404"]

1. d4 Nf6 2. c4 e6 3. Nf3 d5 4. g3 dxc4 5. Bg2 Nc6 6. Qa4 Nd7 7. Qxc4 Nb6 8. Qb5 a6 9. Qd3 e5 10. Nxe5 Nb4
11. Qd1 Qxd4 12. Qxd4 Nc2+ 13. Kd1 Nxd4 14. Be3 Nf5 15. Bxb6 cxb6 16. Nc3 Bc5 17. e3 O-O 18. Ke2 Re8 19. Nd3 Rb8 20. Rac1 Bd6
21. Nd5 b5 22. Rhd1 Ne7 23. Nxe7+ Bxe7 24. Bd5 Be6 25. Bxe6 fxe6 26. Rc7 Kf8 27. e4 Red8 28. Nf4 Rxd1 29. Kxd1 Kf7 30. Ke2
1-0

[Event "Wilhelm Steinitz "]
[Site "SchemingMind.com"]
[Date "2007.12.02"]
[Round "-"]
[White "Konan_Kaddosh"]
[Black "Space"]
[Result "1-0"]
[WhiteCountry "ITA"]
[BlackCountry "SWE"]
[WhiteElo "2492"]
[WhiteRD "59"]
[BlackElo "2257"]
[BlackRD "83"]
[GameID "131405"]

1. e4 e5 2. Nf3 Nc6 3. Bb5 a6 4. Ba4 Nf6 5. O-O Be7 6. Re1 b5 7. Bb3 d6 8. c3 O-O 9. h3 Na5 10. Bc2 d5
11. d3 dxe4 12. dxe4 Qd6 13. Nbd2 c5 14. Qe2 Bb7 15. Nf1 g6 16. Bh6 Rfd8 17. Rad1 Qe6 18. b3 Nh5 19. Ne3 Nf4 20. Qf1 f6=
21. h4 Rab8 22. Bxf4 exf4 23. Nd5 g5 24. c4
1-0